Normal view
MARC view
- MinnaertK LynnK Maitland, Robert and Miller, Graham
Entry Personal Name
001 - CONTROL NUMBER
- control field: 4649
003 - CONTROL NUMBER IDENTIFIER
- control field: JO-AjAnu
005 - DATE AND TIME OF LATEST TRANSACTION
- control field: 20230606071047.0
008 - FIXED-LENGTH DATA ELEMENTS
- fixed length control field: 230606|| aca||aabn | a|a d
040 ## - CATALOGING SOURCE
- Original cataloging agency: JO-AjAnu
- Transcribing agency: JO-AjAnu
100 ## - HEADING--PERSONAL NAME
- Personal name: MinnaertK LynnK Maitland, Robert and Miller, Graham
670 ## - SOURCE DATA FOUND
- Source citation: Work cat.: (JO-AjAnu)2408: MinnaertK LynnK Maitland, Robert and Miller, Graham, author, Social Tourism: perspectives and potential